Liedtext - Millionär - Die Prinzen - Statistiken

Allgemein
  • Dieses Quiz wurde 146 mal gespielt
  • Das Durchschnittsergebnis liegt bei 155 aus 227
Antwortstatistiken
Antwort % Korrekt
Millionär
99%
Ich
98%
ich
98%
gerne
96%
so
96%
wär
95%
Dann
94%
den
94%
mein
94%
Konto
89%
leer
88%
niemals
87%
Millionenschwer
75%
Millionnenschwer
75%
Geld
73%
kein
72%
ein
71%
hab
71%
Hab
71%
Bin
67%
bin
67%
keine
67%
und
62%
Und
62%
doch
61%
Doch
61%
nicht
58%
das
56%
du
56%
in
56%
viel
55%
großes
53%
ist
52%
habe
51%
eine
50%
keinen
50%
nur
50%
Ahnung
49%
aber
48%
Maul
48%
reiche
48%
werd
48%
die
47%
Es
47%
leider
47%
noch
47%
Von
47%
will
47%
Bank
46%
Freund
46%
reichen
44%
sehr
44%
schon
43%
Sie
43%
faul
42%
Freundin
42%
Kohle
41%
Was
41%
was
41%
der
40%
bisher
39%
geträumt
39%
mir
39%
Professor
39%
weder
39%
meinen
38%
mich
38%
Knast
36%
Doktor
35%
gefährlich
35%
vor
35%
auf
34%
soll
34%
stinkend
34%
Vielleicht
34%
ehrlich
33%
machen
33%
viele
33%
mal
32%
meinem
32%
tun
32%
her
31%
geb
30%
gefasst
30%
sind
30%
überlegt
30%
gibt
29%
schwimm
29%
außerdem
28%
bestimmt
28%
knackst
28%
Kummer
28%
Körper
27%
krank
26%
paar
26%
Popstar
26%
Witwen
25%
scharf
24%
um
24%
Welt
23%
würd
23%
begehren
21%
lieber
19%
glaub
17%
halb
17%
Preis
17%
verkraften
17%
Deswegen
10%
Keine übereinstimmenden Quizze gefunden
Verteilung der Resultate
Anzahl Personen mit jedem Resultat
Perzentil nach korrekt beantworteten Fragen
Ihre Resultats-Entwicklung
Sie haben dieses Quiz noch nicht gespielt